000 00705nam a22002537a 4500
001 sjds
003 sjds
005 20220808195012.0
008 220611b mx ||||| |||| 00| 0 spa d
020 _a9686579427
020 _a9789686579420
020 _a7509965934885
024 _a7509965934885
040 _csjds
041 _aspa
100 1 0 _aCuellar, Stella
245 1 3 _aEl henequen /
_cStella Cuellar ; ilustraciones de Sergio Romero.
246 _aEl henequen
260 _aMexico :
_bConsejo Nacional para la Cultura y las Artes : SITESA,
_c 1993.
300 _a22 pages :
_bcolor illustrations ;
_c 20 cm.
440 _aFrutos prodigiosos
700 _aRomero, Sergio
942 _cBK
999 _c27063
_d27063